000 00910aam a2200241 a 4500
008
020 _a0727716778 (hbk.)
049 _aMAIN
090 _aTA190 GRE
245 0 0 _aManagement development in the construction industry :
_bguidelines for the professional engineer /
_cInstitution of Civil Engineers.
260 _aLondon :
_bT. Telford,
_c1992.
300 _avii, 35 p., [10] leaves :
_bill. ;
_c30 cm.
500 _aReport of the Management Development Working Party.
650 0 _aConstruction industry
_xManagement.
653 0 _aConstruction
_aCareers
710 2 _aInstitution of Civil Engineers (Great Britain)
710 2 _aInstitution of Civil Engineers (Great Britain).
_bManagement Development Working Party.
907 _a.b10069562
_b26-01-07
_c17-04-03
003
005 20230123133245.0
040 _cNUST
942 _cBOOKS
_kTA190 GRE
999 _c145445
_d145445